000 00472nam a2200181Ia 4500
005 20250923144349.0
008 008 250917s9999 xx 000 0 eng d
037 _aTextual
040 _aDSWL
_beng
_cDSWL
041 _aeng
_2eng
084 _qDSWL
100 _aChattopadhyaya, Kamladevi
_9824131
245 0 _aSocialism & society
_cby Kamladevi Chattopadhyaya
260 _c1950
300 _a172 p.
942 _cTEXL
999 _c1437941
_d1437941